000 00258nam a2200097Ia 4500
008 240331s9999 xx 000 0 und d
082 _bRUR
100 _anternational Women's Tribune CentreI. ed
245 0 _aRural women in action :
_ba clip-art book
942 _cL
999 _c3088
_d3088